[Event "ARG SUD III Sub 20 Boys"]
[Site "Matheu, Buenos Aires"]
[Date "2007.02.06"]
[Round "?"]
[White "Morales Mendoza, Luciana"]
[Black "Cori Tello, Deysi"]
[Result "0-1"]
[WhiteElo "2210"]
[BlackElo "2125"]
[PlyCount "88"]
[EventDate "2007.02.07"]

1. e4 e6 2. d4 d5 3. Nd2 Nf6 4. e5 Nfd7 5. c3 c5 6. Bd3 Nc6 7. Ngf3 Be7 8. O-O
h6 9. a3 Qb6 10. dxc5 Nxc5 11. Bc2 O-O 12. b4 Nd7 13. Qe2 Qc7 14. Re1 a6 15. c4
dxc4 16. Qxc4 Rd8 17. Bb2 b5 18. Qe4 Nf8 19. Rac1 Bb7 20. Qg4 a5 21. Ne4 axb4
22. Nf6+ Kh8 23. axb4 Ra2 24. Bc3 Nxb4 25. Nh5 g6 26. Qf4 gxh5 27. Bxb4 Rxc2
28. Rxc2 Qxc2 29. Bxe7 Rc8 30. Qxh6+ Kg8 31. Bf6 Qh7 32. Qe3 Bd5 33. h4 b4 34.
Nd4 Rc3 35. Qd2 Qg6 36. g3 Rd3 37. Qf4 Qg4 38. Qxg4+ hxg4 39. Ne2 Rd2 40. Bg5
Ra2 41. Nc1 Ra1 42. Re2 Nd7 43. Re1 b3 44. Re2 Rb1 0-1

[Event "ARG SUD III Sub 20 Boys"]
[Site "Matheu, Buenos Aires"]
[Date "2007.??.??"]
[Round "?"]
[White "Morales Mendoza, Luciana"]
[Black "Vargas Talavera, Gabriela"]
[Result "1/2-1/2"]
[WhiteElo "2210"]
[BlackElo "2077"]
[PlyCount "58"]
[EventDate "2007.02.07"]

1. e4 e6 2. d4 d5 3. Nd2 Nf6 4. e5 Nfd7 5. c3 c5 6. Bd3 Nc6 7. Ne2 cxd4 8. cxd4
f6 9. f4 fxe5 10. fxe5 Nxd4 11. Nxd4 Qh4+ 12. Kf1 Qxd4 13. Nf3 Qb6 14. g3 Bc5
15. Kg2 O-O 16. Rf1 Be7 17. Rb1 Rxf3 18. Qxf3 Nxe5 19. Bxh7+ Kxh7 20. Qh5+ Kg8
21. Qxe5 Bd7 22. Be3 Bd6 23. Qh5 Qxe3 24. Qf7+ Kh7 25. Qxd7 Qe2+ 26. Kh3 Qh5+
27. Kg2 Qe2+ 28. Kh3 Qh5+ 29. Kg2 Qe2+ 1/2-1/2

[Event "ARG SUD III Sub 20 Boys"]
[Site "Matheu, Buenos Aires"]
[Date "2007.??.??"]
[Round "?"]
[White "Needleman, Gaston"]
[Black "Ambrogi, Agustin"]
[Result "1-0"]
[WhiteElo "2437"]
[BlackElo "2159"]
[PlyCount "83"]
[EventDate "2007.02.07"]

1. c4 e6 2. Nc3 d5 3. d4 Nf6 4. Bg5 Nbd7 5. Nf3 c6 6. e3 Qa5 7. Nd2 Bb4 8. Qc2
O-O 9. Nb3 Qa4 10. cxd5 cxd5 11. Bd3 b6 12. O-O Bxc3 13. bxc3 Ba6 14. Bxa6 Qxa6
15. f3 Rfc8 16. e4 Rc6 17. e5 Ne8 18. f4 f6 19. Bh4 f5 20. g4 g6 21. gxf5 gxf5
22. Kh1 Nf8 23. Rg1+ Ng6 24. Rg3 Kf7 25. Bg5 Ng7 26. Rag1 Rac8 27. Rh3 R8c7 28.
Bf6 Kg8 29. Qd2 Qc8 30. Rgg3 a5 31. a3 Qf8 32. Qc1 Ne8 33. Rxg6+ hxg6 34. Rh8+
Kf7 35. Rxf8+ Kxf8 36. Qe1 Rxc3 37. Nc5 R7xc5 38. dxc5 Rxc5 39. Qh4 Rc8 40. Kg2
d4 41. Qh8+ Kf7 42. Qh7+ 1-0

[Event "ARG SUD III Sub 20 Boys"]
[Site "Matheu, Buenos Aires"]
[Date "2007.??.??"]
[Round "?"]
[White "Needleman, Gaston"]
[Black "Blit, Jacques"]
[Result "0-1"]
[WhiteElo "2437"]
[BlackElo "2306"]
[PlyCount "44"]
[EventDate "2007.02.07"]

1. e4 d6 2. f4 c5 3. b3 Nf6 4. d3 g6 5. Bb2 Bg7 6. Be2 Nc6 7. Nf3 e5 8. O-O O-O
9. g3 exf4 10. gxf4 Nh5 11. Bxg7 Kxg7 12. f5 Qf6 13. Na3 Nf4 14. Qd2 Nxe2+ 15.
Qxe2 gxf5 16. Kh1 Kh8 17. Nc4 fxe4 18. Nfd2 Qe6 19. Nxe4 d5 20. Rf6 Qe7 21. Rh6
Bf5 22. Rf1 Bg6 0-1

[Event "ARG SUD III Sub 20 Boys"]
[Site "Matheu, Buenos Aires"]
[Date "2007.??.??"]
[Round "?"]
[White "Needleman, Gaston"]
[Black "Cori Tello, Jorge"]
[Result "1-0"]
[WhiteElo "2437"]
[BlackElo "2213"]
[PlyCount "63"]
[EventDate "2007.02.07"]

1. e4 e5 2. Nf3 Nc6 3. Bb5 Bc5 4. O-O Nge7 5. Nxe5 Nxe5 6. d4 c6 7. Be2 Bd6 8.
dxe5 Bxe5 9. Nd2 d5 10. Nf3 Bc7 11. e5 Bf5 12. Bg5 h6 13. Bh4 Be4 14. Re1 Qd7
15. Bd3 Bxd3 16. Qxd3 O-O-O 17. Nd4 Rde8 18. e6 fxe6 19. Nxe6 g5 20. Nxc7 Kxc7
21. Bg3+ Kc8 22. Re5 Kd8 23. f4 gxf4 24. Bxf4 Nc8 25. Rxe8+ Qxe8 26. Qg3 Qd7
27. Re1 Qf7 28. Qh4+ Ne7 29. Bg5 Re8 30. Qxh6 Kd7 31. Qh3+ Kd8 32. Qe6 1-0

[Event "ARG SUD III Sub 20 Boys"]
[Site "Matheu, Buenos Aires"]
[Date "2007.??.??"]
[Round "?"]
[White "Needleman, Gaston"]
[Black "Garnier, René"]
[Result "1-0"]
[WhiteElo "2437"]
[BlackElo "2042"]
[PlyCount "63"]
[EventDate "2007.02.07"]

1. e4 d5 2. exd5 Qxd5 3. Nc3 Qa5 4. d4 Nf6 5. Nf3 Bf5 6. Ne5 c6 7. Bc4 e6 8.
O-O Be7 9. Re1 Nbd7 10. g4 Bg6 11. h4 Nxe5 12. dxe5 Rd8 13. Qe2 Nd5 14. h5 Nxc3
15. bxc3 Qxc3 16. hxg6 hxg6 17. Be3 Qxe5 18. Qf3 Qc7 19. Bd3 a6 20. a4 Rd7 21.
Kf1 Qa5 22. Ke2 Bf6 23. Rh1 Rf8 24. Ra3 Be7 25. Rb3 Qxa4 26. Rhb1 b5 27. c4
bxc4 28. Rb8+ Bd8 29. Be4 Rd5 30. Bxd5 Qc2+ 31. Kf1 cxd5 32. Qf4 1-0

[Event "ARG SUD III Sub 20 Boys"]
[Site "Matheu, Buenos Aires"]
[Date "2007.??.??"]
[Round "?"]
[White "Perez Ponsa, Federico"]
[Black "Fusco, Leonardo"]
[Result "1/2-1/2"]
[WhiteElo "2183"]
[BlackElo "2251"]
[PlyCount "105"]
[EventDate "2007.02.07"]

1. e4 c5 2. Nf3 d6 3. d4 cxd4 4. Nxd4 Nf6 5. Nc3 a6 6. Bg5 e6 7. f4 Qb6 8. Qd2
Qxb2 9. Rb1 Qa3 10. f5 Nc6 11. fxe6 fxe6 12. Nxc6 bxc6 13. e5 dxe5 14. Bxf6
gxf6 15. Ne4 Be7 16. Be2 h5 17. Rb3 Qa4 18. Nxf6+ Bxf6 19. c4 Ra7 20. O-O Rf7
21. Rbf3 Rd7 22. Qb2 O-O 23. Rxf6 Rxf6 24. Rxf6 Qa5 25. Qb1 Qd8 26. Rh6 e4 27.
Rg6+ Rg7 28. Qxe4 Qa5 29. h3 Qe1+ 30. Kh2 h4 31. Rxg7+ Kxg7 32. Qe5+ Kf8 33.
Qf6+ Ke8 34. Qe5 Kd8 35. c5 Bd7 36. Qb8+ Ke7 37. Qd6+ Kd8 38. Bxa6 e5 39. Qf8+
Kc7 40. Qf6 Qa5 41. Bd3 Qxc5 42. Bf5 Qd4 43. Bxd7 Kxd7 44. Qf7+ Kd6 45. Qf6+
Kd5 46. Qf7+ Kc5 47. Qa7+ Kc4 48. Qa4+ Kd5 49. Qb3+ Kc5 50. Qa3+ Kd5 51. Qb3+
Kd6 52. Qb8+ Kc5 53. Qa7+ 1/2-1/2

[Event "ARG SUD III Sub 20 Boys"]
[Site "Matheu, Buenos Aires"]
[Date "2007.??.??"]
[Round "?"]
[White "Perez Ponsa, Federico"]
[Black "Latorre, Matias"]
[Result "0-1"]
[WhiteElo "2183"]
[BlackElo "2009"]
[PlyCount "130"]
[EventDate "2007.02.07"]

1. e4 e6 2. d4 d5 3. Nc3 Bb4 4. e5 c5 5. Qg4 Ne7 6. Qxg7 Rg8 7. Qxh7 cxd4 8. a3
Qa5 9. Rb1 dxc3 10. Be3 cxb2+ 11. axb4 Qxb4+ 12. Kd1 a5 13. Qd3 a4 14. Qb5+
Qxb5 15. Bxb5+ Bd7 16. Bxd7+ Nxd7 17. Rxb2 a3 18. Ra2 Nxe5 19. g3 Nf5 20. Bc1
Nc4 21. Nf3 Nfd6 22. Bd2 Ne4 23. Be1 Ra6 24. Nd4 Ke7 25. Ke2 Rb6 26. f3 Ned6
27. Nb3 e5 28. h4 e4 29. Bf2 Rc6 30. Nd4 Rcc8 31. h5 f5 32. Be1 Kf6 33. Rf1
Rce8 34. Ra1 exf3+ 35. Kxf3 Rh8 36. g4 Re3+ 37. Kg2 Rg8 38. Nxf5 Rxg4+ 39. Ng3+
Kg7 40. Kh3 Ne5 41. Bf2 Ne4 42. Bxe3 Rxg3+ 43. Kh2 Ng4+ 44. Kh1 Nxe3 45. Rf4
Ng4 46. Rxg4+ Rxg4 47. Rxa3 Kh6 48. Rb3 Rg7 49. Rb5 Rd7 50. Kg2 Ng5 51. Kf2
Kxh5 52. Ke3 Kg6 53. Kd4 Nf3+ 54. Kc5 Ne5 55. Kd4 Nc6+ 56. Kc5 Kf6 57. Rb1 Ke7
58. Re1+ Kd8 59. Rd1 Kc7 60. c3 b6+ 61. Kb5 Kb7 62. c4 d4 63. c5 Na7+ 64. Kb4
b5 65. Rc1 Kc6 0-1

[Event "ARG SUD III Sub 20 Boys"]
[Site "Matheu, Buenos Aires"]
[Date "2007.??.??"]
[Round "?"]
[White "Perez Ponsa, Federico"]
[Black "Lemos, Damian"]
[Result "0-1"]
[WhiteElo "2183"]
[BlackElo "2439"]
[PlyCount "132"]
[EventDate "2007.02.07"]

1. e4 c5 2. Nf3 Nc6 3. d4 cxd4 4. Nxd4 Nf6 5. Nc3 d6 6. Bg5 e6 7. Qd2 a6 8.
O-O-O h6 9. Nxc6 bxc6 10. Bf4 d5 11. Qe3 Qa5 12. Be2 dxe4 13. Qg3 Nd5 14. Be5
Nxc3 15. Bxc3 Qg5+ 16. Qxg5 hxg5 17. Rd4 f5 18. Rc4 c5 19. Be5 Bd7 20. Rc3 Bb5
21. Bc4 Kf7 22. Rd1 Be7 23. Bxb5 axb5 24. Rd7 Rhd8 25. Rb7 Rd5 26. Bxg7 Rad8
27. b3 Rd1+ 28. Kb2 R8d7 29. Rxd7 Rxd7 30. Be5 Rd5 31. Bh8 g4 32. Re3 b4 33.
Re2 Kg6 34. c4 Rd1 35. Be5 Rg1 36. g3 Rg2 37. a4 bxa3+ 38. Kxa3 Rxh2 39. Bf4
Kf7 40. Ka4 Ke8 41. Kb5 Rh1 42. Rb2 Bf6 43. Ra2 Bd4 44. Kc6 Kf7 45. Bd6 Rb1 46.
Bxc5 Bxc5 47. Kxc5 Rxb3 48. Kd6 e3 49. fxe3 Rxe3 50. Rg2 Kf6 51. c5 Rd3+ 52.
Kc7 e5 53. c6 Kg5 54. Rc2 f4 55. Kb8 Rd8+ 56. Kc7 Rg8 57. Kd6 Kf5 58. c7 fxg3
59. Re2 Kf4 60. Rxe5 g2 61. Re1 Kg3 62. Kd7 Ra8 63. Re3+ Kf2 64. Ra3 Rxa3 65.
c8=Q g1=Q 66. Qc2+ Kg3 0-1

[Event "ARG SUD III Sub 20 Boys"]
[Site "Matheu, Buenos Aires"]
[Date "2007.??.??"]
[Round "?"]
[White "Perez Ponsa, Federico"]
[Black "Rossi, Leonardo"]
[Result "1-0"]
[WhiteElo "2183"]
[BlackElo "2019"]
[PlyCount "95"]
[EventDate "2007.02.07"]

1. e4 e6 2. d4 d5 3. Nc3 dxe4 4. Nxe4 Nd7 5. Nf3 Ngf6 6. Bd3 Be7 7. Qe2 Nxe4 8.
Bxe4 O-O 9. Bd2 Nf6 10. Bd3 b6 11. c4 c5 12. dxc5 bxc5 13. Bc3 Bb7 14. O-O Qc7
15. Ne5 g6 16. Rfe1 Nh5 17. Ng4 Rfd8 18. Be4 Bxe4 19. Qxe4 Qf4 20. Nf6+ Bxf6
21. Qxf4 Nxf4 22. Bxf6 Rd7 23. Kf1 Nh5 24. Bg5 Kf8 25. Rad1 Ke8 26. Be3 Rc8 27.
Rxd7 Kxd7 28. Rd1+ Kc6 29. Rd3 Nf6 30. Ra3 Kb7 31. Ra5 Nd7 32. Ke2 Rc6 33. b4
cxb4 34. Rxa7+ Kc8 35. c5 Rc7 36. Ra8+ Kb7 37. Ra4 Nxc5 38. Rxb4+ Ka6 39. Rc4
Kb5 40. Rxc5+ Rxc5 41. Bxc5 Kxc5 42. Kd3 g5 43. f3 h5 44. Kc3 f5 45. a4 e5 46.
a5 f4 47. Kd3 g4 48. Ke4 1-0

[Event "ARG SUD III Sub 20 Boys"]
[Site "Matheu, Buenos Aires"]
[Date "2007.??.??"]
[Round "?"]
[White "Perez Ponsa, Federico"]
[Black "Zabala, Adriel"]
[Result "1/2-1/2"]
[WhiteElo "2183"]
[BlackElo "2093"]
[PlyCount "41"]
[EventDate "2007.02.07"]

1. e4 d5 2. exd5 Qxd5 3. Nc3 Qa5 4. d4 c6 5. Nf3 Nf6 6. Bd2 Bf5 7. Bc4 e6 8.
Nd5 Qd8 9. Nxf6+ gxf6 10. c3 Qc7 11. Qe2 Be7 12. Nh4 Bg6 13. Nxg6 hxg6 14. h4
Nd7 15. O-O-O O-O-O 16. f4 f5 17. h5 gxh5 18. Rxh5 Nf6 19. Rg5 Rh6 20. Bd3 Kb8
21. Rg3 1/2-1/2

[Event "ARG SUD III Sub 20 Boys"]
[Site "Matheu, Buenos Aires"]
[Date "2007.??.??"]
[Round "?"]
[White "Pizzocaro Gomez, Gustavo"]
[Black "Blit, Jacques"]
[Result "1-0"]
[WhiteElo "2043"]
[BlackElo "2306"]
[PlyCount "66"]
[EventDate "2007.02.07"]

1. Nf3 c5 2. e4 Nc6 3. d4 cxd4 4. Nxd4 Nf6 5. Nc3 e5 6. Ndb5 d6 7. Nd5 Nxd5 8.
exd5 Nb8 9. a4 Be7 10. Be3 a6 11. Na3 O-O 12. Nc4 Nd7 13. Be2 b6 14. O-O Bb7
15. a5 b5 16. Nb6 Nxb6 17. Bxb6 Qe8 18. c4 bxc4 19. Bxc4 f5 20. f4 exf4 21. Qb3
g5 22. Rae1 Qd7 23. Re6 Bf6 24. Rfe1 Rae8 25. Bf2 Be5 26. Bc5 Rxe6 27. dxe6 Qc6
28. e7+ Kg7 29. exf8=Q+ Kxf8 30. Bxd6+ Bxd6 31. Bf1 f3 32. Qxf3 Qc5+ 33. Qe3
Qxe3+ 1-0

[Event "ARG SUD III Sub 20 Boys"]
[Site "Matheu, Buenos Aires"]
[Date "2007.??.??"]
[Round "?"]
[White "Pizzocaro Gomez, Gustavo"]
[Black "Mekhitarian, Krikor"]
[Result "0-1"]
[WhiteElo "2043"]
[BlackElo "2416"]
[PlyCount "102"]
[EventDate "2007.02.07"]

1. e4 c5 2. Nf3 e6 3. d4 cxd4 4. Nxd4 a6 5. Nc3 b5 6. Be3 Bb7 7. Bd3 Qc7 8. O-O
Nf6 9. f3 Bc5 10. Qe2 Qb6 11. Qf2 Nc6 12. Nf5 Bxe3 13. Qxe3 Qxe3+ 14. Nxe3 Rc8
15. f4 d6 16. Ne2 Na5 17. Ng3 h5 18. h4 Ke7 19. b3 Nc6 20. a4 b4 21. Nc4 Rc7
22. Rad1 Rd8 23. Be2 g6 24. e5 dxe5 25. Rxd8 Nxd8 26. fxe5 Nd7 27. Bd3 Bd5 28.
Ne3 Bb7 29. Nc4 Rc5 30. Nd6 a5 31. Nxb7 Nxb7 32. Ne4 Rxe5 33. Ng5 Nf6 34. Nf3
Rc5 35. Nd4 Ng4 36. Re1 Ne5 37. Ba6 Nd6 38. Re2 Nc6 39. Nxc6+ Rxc6 40. Bd3 Rc5
41. Kf2 e5 42. Rd2 f5 43. g3 Rc3 44. Re2 e4 45. Ba6 Ke6 46. Kg2 Ke5 47. Kf2 Rc6
48. Bb5 Nxb5 49. axb5 Rb6 50. Rd2 Rxb5 51. Rd8 Rc5 0-1

[Event "ARG SUD III Sub 20 Boys"]
[Site "Matheu, Buenos Aires"]
[Date "2007.??.??"]
[Round "?"]
[White "Pizzocaro Gomez, Gustavo"]
[Black "Perez Ponsa, Federico"]
[Result "0-1"]
[WhiteElo "2043"]
[BlackElo "2183"]
[PlyCount "80"]
[EventDate "2007.02.07"]

1. e4 c5 2. Nf3 d6 3. Bb5+ Nc6 4. Bxc6+ bxc6 5. O-O e5 6. Re1 Be7 7. c3 f5 8.
exf5 Bxf5 9. Qa4 e4 10. Qxc6+ Kf8 11. Rxe4 Rc8 12. Qd5 Bxe4 13. Qxe4 Nf6 14.
Qf5 Qd7 15. Qxd7 Nxd7 16. d4 Bf6 17. dxc5 Nxc5 18. Bf4 Kf7 19. Nbd2 Nd3 20. Bg3
Nxb2 21. Ne4 Nc4 22. Bxd6 Rhe8 23. Nxf6 gxf6 24. Bf4 Re4 25. g3 Nb6 26. Nd2 Ra4
27. c4 Nxc4 28. Ne4 Rc6 29. Rd1 Nb6 30. Nd6+ Kg6 31. h4 h5 32. Nb5 Rxa2 33. Rd8
Rc8 34. Rd6 Rcc2 35. Re6 Rxf2 36. Nc3 Rg2+ 37. Kf1 Raf2+ 38. Ke1 Rc2 39. Ne2
Nd5 40. Bg5 Rcxe2+ 0-1

[Event "ARG SUD III Sub 20 Boys"]
[Site "Matheu, Buenos Aires"]
[Date "2007.??.??"]
[Round "?"]
[White "Pizzocaro Gomez, Gustavo"]
[Black "Rossi, Leonardo"]
[Result "1-0"]
[WhiteElo "2043"]
[BlackElo "2019"]
[PlyCount "86"]
[EventDate "2007.02.07"]

1. e4 e6 2. d4 d5 3. Nd2 c5 4. Ngf3 Nc6 5. exd5 exd5 6. Be2 Nf6 7. O-O Be7 8.
dxc5 Bxc5 9. Nb3 Bb6 10. Bg5 O-O 11. c3 Re8 12. Qc2 Bg4 13. Rad1 Rc8 14. a3 a5
15. Rfe1 a4 16. Nbd2 d4 17. c4 Ba5 18. h3 Bxf3 19. Bxf3 Rxe1+ 20. Rxe1 d3 21.
Qxa4 Nd4 22. b4 Bc7 23. c5 Nc2 24. Bxf6 gxf6 25. Rd1 Ra8 26. Qb5 Rxa3 27. Qxb7
Bf4 28. Bd5 Qe8 29. Ne4 Be5 30. f4 Bd4+ 31. Kh2 Ne3 32. Nd6 Qf8 33. Bxf7+ Kg7
34. Bc4+ Kh6 35. Nf7+ Kg6 36. f5+ Nxf5 37. Qe4 Qb8+ 38. Kh1 Qg3 39. Rf1 d2 40.
Qxf5+ Kg7 41. Nd6 Ra1 42. Qd7+ Kh8 43. Qe8+ Kg7 1-0

[Event "ARG SUD III Sub 20 Boys"]
[Site "Matheu, Buenos Aires"]
[Date "2007.??.??"]
[Round "?"]
[White "Rossi, Leonardo"]
[Black "Borda, Alan"]
[Result "1/2-1/2"]
[WhiteElo "2019"]
[BlackElo "2044"]
[PlyCount "48"]
[EventDate "2007.02.07"]

1. e4 e5 2. Nf3 d6 3. d4 Nd7 4. dxe5 dxe5 5. Nc3 Ngf6 6. a3 Be7 7. Bc4 O-O 8.
O-O c6 9. Re1 Qc7 10. Bg5 Nc5 11. Qe2 Be6 12. b4 Bxc4 13. Qxc4 Ne6 14. Bh4 Rfd8
15. Bg3 Nd7 16. Rad1 Bf6 17. Nd4 Nxd4 18. Rxd4 Qb6 19. Rd3 Nf8 20. Na4 Qc7 21.
Nc5 b6 22. Rxd8 Rxd8 23. Nd3 Ne6 24. Qc3 Nd4 1/2-1/2

[Event "ARG SUD III Sub 20 Boys"]
[Site "Matheu, Buenos Aires"]
[Date "2007.??.??"]
[Round "?"]
[White "Rossi, Leonardo"]
[Black "Garnier, René"]
[Result "0-1"]
[WhiteElo "2019"]
[BlackElo "2042"]
[PlyCount "93"]
[EventDate "2007.02.07"]

1. e4 c5 2. Nc3 g6 3. g3 Bg7 4. Bg2 Nc6 5. Nge2 d6 6. d3 e5 7. O-O Nge7 8. Be3
O-O 9. Qd2 Nd4 10. f4 Rb8 11. fxe5 dxe5 12. Rf2 Be6 13. Raf1 Qd7 14. Nd1 Rbc8
15. b3 b5 16. Nc1 Qd6 17. c3 Ndc6 18. Bf3 Rfd8 19. Qe2 b4 20. c4 Rf8 21. g4 Nd4
22. Bxd4 cxd4 23. h4 a5 24. g5 f5 25. gxf6 Rxf6 26. Bg4 Rcf8 27. Kg2 Qd7 28.
Kg3 Rf4 29. Bxe6+ Qxe6 30. Rxf4 exf4+ 31. Kh2 Nc6 32. Qg2 Ne5 33. Nf2 h5 34.
Rg1 Bh6 35. Qh3 Qxh3+ 36. Kxh3 f3 37. Kg3 Bf4+ 38. Kh3 Be3 39. Kg3 Rf4 40. c5
Kf7 41. Rf1 Ke7 42. a3 bxa3 43. Na2 Rf8 44. b4 Rb8 45. Rb1 axb4 46. Rxb4 Bxf2+
47. Kxf2 0-1

[Event "ARG SUD III Sub 20 Boys"]
[Site "Matheu, Buenos Aires"]
[Date "2007.??.??"]
[Round "?"]
[White "Rossi, Leonardo"]
[Black "Lemos, Damian"]
[Result "0-1"]
[WhiteElo "2019"]
[BlackElo "2439"]
[PlyCount "56"]
[EventDate "2007.02.07"]

1. e4 c5 2. Nc3 Nc6 3. g3 g6 4. Bg2 Bg7 5. Nge2 d6 6. d3 e5 7. O-O Nge7 8. Be3
h5 9. h4 Be6 10. Qd2 Nd4 11. Nd1 d5 12. c3 Nxe2+ 13. Qxe2 d4 14. Bd2 Qd7 15. f4
exf4 16. Bxf4 dxc3 17. bxc3 Rd8 18. Qb2 O-O 19. Nf2 Nc6 20. Rad1 b6 21. Bg5 Rc8
22. a3 Be5 23. Kh2 Qd6 24. Nh1 Rb8 25. Bf6 Bg4 26. Bxe5 Nxe5 27. Rd2 Rbd8 28.
Nf2 Nc4 0-1

[Event "ARG SUD III Sub 20 Boys"]
[Site "Matheu, Buenos Aires"]
[Date "2007.??.??"]
[Round "?"]
[White "Rossi, Leonardo"]
[Black "Mareco, Sandro"]
[Result "0-1"]
[WhiteElo "2019"]
[BlackElo "2356"]
[PlyCount "128"]
[EventDate "2007.02.07"]

1. e4 e5 2. Nf3 Nc6 3. Bc4 Nf6 4. d4 exd4 5. O-O Nxe4 6. Nxd4 d5 7. Re1 Be7 8.
Bb3 O-O 9. c3 Nxd4 10. cxd4 Bb4 11. Re2 c6 12. f3 Nd6 13. Bc2 Qf6 14. Be3 Bf5
15. a3 Ba5 16. Nd2 Bxd2 17. Qxd2 Nc4 18. Qc3 Bxc2 19. Rxc2 Rfe8 20. Re2 Re6 21.
b3 Nd6 22. Rae1 Rae8 23. Qd3 Qf5 24. Qd2 h5 25. h4 Qg6 26. Kh2 Nf5 27. Bf2 Rxe2
28. Rxe2 Qd6+ 29. Kh3 Re6 30. g4 Nh6 31. Bg3 Qxa3 32. Rxe6 fxe6 33. Qe3 Qe7 34.
Qe5 hxg4+ 35. fxg4 Qf6 36. Bf4 Qxe5 37. Bxe5 Kf7 38. h5 g5 39. b4 Ng8 40. Kg3
Nf6 41. Kf3 Ne4 42. Bb8 a6 43. Ke3 Kg7 44. Kf3 Kh6 45. Ke3 b6 46. Bc7 c5 47.
dxc5 bxc5 48. bxc5 Nxc5 49. Kd4 Nb3+ 50. Kc3 Nc5 51. Kd4 Ne4 52. Ke3 Nf6 53.
Kf3 Nd7 54. Ke3 e5 55. Kf3 e4+ 56. Ke3 Nc5 57. Bd6 Ne6 58. Bb4 Kg7 59. Bc3+ Kf7
60. Bb4 Nd8 61. Bd2 Nc6 62. Ke2 Kf6 63. Kd1 d4 64. Kc2 Ne5 0-1

[Event "ARG SUD III Sub 20 Boys"]
[Site "Matheu, Buenos Aires"]
[Date "2007.??.??"]
[Round "?"]
[White "Vargas Talavera, Gabriela"]
[Black "Amed, Stephanie"]
[Result "1-0"]
[WhiteElo "2077"]
[BlackElo "2066"]
[PlyCount "121"]
[EventDate "2007.02.07"]

1. d4 Nf6 2. Bg5 e6 3. Nf3 h6 4. Bh4 Be7 5. Nbd2 b6 6. e4 Bb7 7. Bd3 d6 8. Qe2
Nbd7 9. c3 Nf8 10. h3 Ng6 11. Bg3 Nh5 12. Qe3 Bg5 13. Nxg5 hxg5 14. O-O Nhf4
15. Nf3 e5 16. Rfd1 Qe7 17. dxe5 dxe5 18. Bf1 a6 19. Rd2 Bc8 20. Rad1 Be6 21.
Nh2 g4 22. Nxg4 Bxg4 23. hxg4 Qg5 24. Bh2 Qxg4 25. Qg3 Qe6 26. Qg5 f6 27. Qf5
Rh5 28. Qxe6+ Nxe6 29. Bc4 Ngf8 30. Bg3 g6 31. f3 Rh7 32. Bf2 Re7 33. Bd5 Rb8
34. Bc6+ Kf7 35. Be3 g5 36. g3 Ng6 37. Kg2 Rh8 38. b4 Rg8 39. Rd7 Rxd7 40.
Rxd7+ Ne7 41. Bd5 c6 42. Bxe6+ Kxe6 43. Ra7 b5 44. Bc5 Nc8 45. Rc7 Rd8 46.
Rxc6+ Kf7 47. Kf2 Ke8 48. Ke2 Kf7 49. Rxa6 Rd7 50. a4 bxa4 51. Rxa4 Rb7 52. c4
Rc7 53. Kd3 Rd7+ 54. Kc3 Rc7 55. Ra6 Kg8 56. Kb3 Kf7 57. Ka4 Kg7 58. Kb5 Kf7
59. Rc6 Rb7+ 60. Ka5 Rb8 61. b5 1-0

[Event "ARG SUD III Sub 20 Boys"]
[Site "Matheu, Buenos Aires"]
[Date "2007.??.??"]
[Round "?"]
[White "Vargas Talavera, Gabriela"]
[Black "Jurich, Florencia"]
[Result "0-1"]
[WhiteElo "2035"]
[BlackElo "2046"]
[PlyCount "54"]
[EventDate "2007.02.07"]

1. d4 Nf6 2. c4 c5 3. d5 b5 4. cxb5 a6 5. b6 d6 6. Nc3 Nbd7 7. a4 a5 8. e4 g6
9. Nf3 Bg7 10. Bd3 Qxb6 11. O-O O-O 12. Nd2 Ne8 13. Nc4 Qb7 14. Bd2 Ne5 15.
Nxe5 Bxe5 16. b3 Bd7 17. Rb1 Nc7 18. Bc4 Rfb8 19. Qc1 Qa7 20. Bg5 f6 21. Be3 f5
22. f4 Bg7 23. e5 Bc8 24. Re1 Ba6 25. Bf2 Re8 26. Qd2 Qb6 27. Nd1 Bxc4 0-1

[Event "ARG SUD III Sub 20 Boys"]
[Site "Matheu, Buenos Aires"]
[Date "2007.02.07"]
[Round "?"]
[White "Vargas Talavera, Gabriela"]
[Black "Zapata, Talia"]
[Result "1/2-1/2"]
[WhiteElo "2077"]
[BlackElo "2035"]
[PlyCount "92"]
[EventDate "2007.02.07"]

1. d4 d5 2. Nf3 Nf6 3. Bg5 Ne4 4. Bf4 c6 5. c3 Bf5 6. Nbd2 e6 7. e3 Bd6 8. Bg3
O-O 9. Nxe4 Bxe4 10. Bd3 f5 11. Qe2 c5 12. Bxd6 Qxd6 13. dxc5 Qxc5 14. Nd4 Qb6
15. Bxe4 fxe4 16. Qb5 Qxb5 17. Nxb5 Na6 18. O-O Rf7 19. Rac1 Nc5 20. c4 Nd3 21.
Rc2 a6 22. Na3 Rd8 23. cxd5 exd5 24. b3 g6 25. Nb1 Nb4 26. Rd2 Rc7 27. Na3 Rdc8
28. f3 Nc2 29. Nxc2 Rxc2 30. Rxd5 exf3 31. Rxf3 Rxa2 32. h4 Rc1+ 33. Kh2 Rcc2
34. Rg3 Rd2 35. Re5 Rf2 36. h5 Kf7 37. hxg6+ hxg6 38. Rc5 Rac2 39. Rd5 Rcd2 40.
Rdg5 Rf6 41. Rc5 Rd7 42. b4 Re7 43. Rc4 Rfe6 44. Rcg4 b6 45. Rf4+ Kg7 46. Rfg4
Kf7 1/2-1/2

[Event "ARG SUD III Sub 20 Boys"]
[Site "Matheu, Buenos Aires"]
[Date "2007.??.??"]
[Round "?"]
[White "Yanigro, Micaela"]
[Black "Amed, Stephanie"]
[Result "0-1"]
[WhiteElo "1980"]
[BlackElo "2066"]
[PlyCount "56"]
[EventDate "2007.02.07"]

1. e4 c5 2. c3 d5 3. exd5 Qxd5 4. d4 Nf6 5. Nf3 Bg4 6. Be2 e6 7. O-O Nc6 8. h3
Bh5 9. Be3 cxd4 10. cxd4 Be7 11. Nc3 Qd6 12. Qd2 O-O 13. Bf4 Qd7 14. Rad1 Rfd8
15. g4 Bg6 16. Bb5 a6 17. Ne5 Qc8 18. Bxc6 bxc6 19. Na4 Qb7 20. Rc1 c5 21. Be3
Ne4 22. Qd1 Rac8 23. f4 cxd4 24. Rxc8 Qxc8 25. Bxd4 Ng3 26. Rf3 Rxd4 27. Qb3
Ne2+ 28. Kf2 Bc2 0-1

[Event "ARG SUD III Sub 20 Boys"]
[Site "Matheu, Buenos Aires"]
[Date "2007.02.07"]
[Round "?"]
[White "Yanigro, Micaela"]
[Black "Morales Mendoza, Luciana"]
[Result "0-1"]
[WhiteElo "1980"]
[BlackElo "2210"]
[PlyCount "96"]
[EventDate "2007.02.07"]

1. e4 e6 2. d4 c5 3. c3 d5 4. exd5 Qxd5 5. Nf3 cxd4 6. cxd4 Nf6 7. Nc3 Qd8 8.
Bg5 Be7 9. Be2 Nc6 10. O-O O-O 11. Rc1 h6 12. Be3 Nb4 13. Ne5 Nbd5 14. Bf3 Nxe3
15. fxe3 Bd6 16. Nc4 Rb8 17. Nb5 Be7 18. e4 a6 19. Nc3 b5 20. Ne3 Qb6 21. Ne2
e5 22. Nd5 Nxd5 23. exd5 Bb7 24. Kh1 Bf6 25. dxe5 Bxe5 26. Qb3 Rbd8 27. Rfd1
Qf6 28. Rc2 Rd7 29. Rcd2 Rfd8 30. Kg1 Qb6+ 31. Kh1 Qf6 32. Kg1 g6 33. h3 h5 34.
Rf1 Qg5 35. Rfd1 Rc7 36. d6 Bxf3 37. Qxf3 Rcd7 38. Qc6 Qf6 39. Qxa6 Rxd6 40.
Qa5 Rxd2 41. Rxd2 Rxd2 42. Qxd2 Bxb2 43. Qd3 b4 44. Qc4 Qe6 45. Qb5 Bc3 46. Kf1
Qxa2 47. Nxc3 bxc3 48. Qb8+ Kh7 0-1

[Event "ARG SUD III Sub 20 Boys"]
[Site "Matheu, Buenos Aires"]
[Date "2007.??.??"]
[Round "?"]
[White "Zabala, Adriel"]
[Black "Borda, Alan"]
[Result "1-0"]
[WhiteElo "2093"]
[BlackElo "2044"]
[PlyCount "61"]
[EventDate "2007.02.07"]

1. e4 e5 2. Nf3 d6 3. d4 Nd7 4. Bc4 c6 5. O-O Be7 6. Nc3 Ngf6 7. Be3 O-O 8. Qd2
Qc7 9. Rad1 exd4 10. Nxd4 Ne5 11. Bd3 Re8 12. h3 a6 13. f4 Ng6 14. g4 c5 15.
Nf3 b5 16. g5 Nh5 17. Qh2 Bb7 18. f5 Ne5 19. Be2 g6 20. Nxe5 dxe5 21. Bxh5 gxh5
22. Qe2 Rad8 23. Qxh5 Rxd1 24. Rxd1 Rd8 25. Rf1 Bf8 26. Kh2 b4 27. g6 fxg6 28.
fxg6 hxg6 29. Qxg6+ Bg7 30. Qe6+ Kh8 31. Rf5 1-0

[Event "ARG SUD III Sub 20 Boys"]
[Site "Matheu, Buenos Aires"]
[Date "2007.??.??"]
[Round "?"]
[White "Zabala, Adriel"]
[Black "Diamant, André"]
[Result "0-1"]
[WhiteElo "2093"]
[BlackElo "2426"]
[PlyCount "60"]
[EventDate "2007.02.07"]

1. e4 c5 2. Nf3 e6 3. d4 cxd4 4. Nxd4 a6 5. Nc3 Nc6 6. Be3 Nf6 7. Be2 Qc7 8.
O-O Bb4 9. Na4 O-O 10. Nxc6 bxc6 11. Nb6 Rb8 12. Nxc8 Rfxc8 13. Bxa6 Rf8 14.
Bd3 Bd6 15. h3 Be5 16. Rb1 Bxb2 17. Qd2 d5 18. exd5 cxd5 19. a4 Bc3 20. Qe2 Ra8
21. Bb5 Ne4 22. Qd3 f5 23. Rb3 f4 24. Bc1 Ba5 25. Ba3 Rfc8 26. Rfb1 Bb6 27. Rf1
Qe5 28. Bb2 Nxf2 29. Bxe5 Nxd3+ 30. Kh1 Nxe5 0-1